[Event "3rd Sharjah Masters 2019"]
[Site "Sharjah"]
[Date "2019.03.26"]
[Round "5.33"]
[White "Raghunandan, Kaumandur Srihari"]
[Black "Lorparizangeneh, Shahin"]
[Result "1-0"]
[WhiteElo "2352"]
[BlackElo "2493"]
[Annotator "TA"]
[PlyCount "129"]
[EventDate "2019.03.22"]
[EventType "swiss"]
[EventCountry "UAE"]
[SourceTitle "playchess.com"]
[Source "ChessBase"]
[SourceQuality "1"]

{[%evp 14,129,24,29,91,38,39,32,34,35,65,53,124,119,95,97,105,112,179,150,149,114,114,72,150,141,128,113,103,112,130,119,120,115,120,134,118,130,170,157,147,95,93,87,92,91,85,85,86,88,87,87,108,102,108,85,140,141,242,220,220,219,217,211,235,235,235,0,213,0,235,227,407,407,329,169,191,151,235,235,227,227,227,227,227,227,598,607,568,550,521,500,589,595,604,588,618,597,526,485,646,604,543,543,569,523,603,592,744,702,993,980,879,809,1172,1542,3426,2750]} 1. e4 Nf6 2. e5 Nd5 3. d4 d6 4. Nf3 g6 5. Bc4 Nb6 6. Bb3 Bg7 7. O-O O-O 8. a4 {LiveBook: 27 Games} Bg4 {B04: Alekhine's Defence: 4 Nf3} (8... dxe5 $11 {remains equal.} 9. Nxe5 Be6) (8... a5 9. h3 dxe5 10. Nxe5 N8d7 11. Nxd7 Bxd7 12. Re1 e6 13. c3 Bc6 14. Nd2 Re8 15. Nf3 Bxf3 16. Qxf3 c6 17. Bf4 {½-½ (37) Kasparov,S (2470)-Berkes,F (2640) Paracin 2016}) 9. h3 ({White should try} 9. a5 $16 N6d7 10. h3 Bxf3 11. Qxf3) 9... Bxf3 $1 $14 10. Qxf3 Nc6 {White is slightly better.} 11. Rd1 $146 ({Predecessor:} 11. c3 dxe5 12. a5 Nd7 13. a6 Qc8 14. Bd5 Ndb8 15. axb7 Qxb7 16. dxe5 {½-½ (69) Llapasset,J (2200)-Cornette,M (2366) Aix les Bains 2003}) 11... dxe5 12. dxe5 Nxe5 {[#]} (12... Qc8 $14) 13. Bxf7+ $1 $16 {[%mdl 512]} Kh8 (13... Nxf7 14. Rxd8) 14. Qe2 $36 {[%mdl 2048] Keeping Black busy.} Qc8 15. Bb3 Nc6 (15... c5 $16) 16. Be6 Qe8 17. c3 Rd8 18. a5 Nc8 (18... Rxd1+ $142 19. Qxd1 Nc8) 19. Rxd8 Qxd8 20. Nd2 Ne5 21. Ne4 Qd3 22. Qxd3 Nxd3 23. Be3 $1 {Hoping for Rd1.} Nd6 24. Nxd6 exd6 25. Bxa7 Nxb2 {[#]} 26. Rb1 $1 {[%cal Rb1b2]} Re8 27. Rxb2 (27. a6 $142 b6 28. Bxb6 (28. Rxb2 Rxe6 29. Bxb6 cxb6 $16) 28... cxb6 29. a7 (29. Rxb2 Rxe6 30. Rxb6 Re1+ 31. Kh2 Be5+ 32. f4 Bxf4+ 33. g3 Re2+ 34. Kh1 Bxg3 $16) 29... Bxc3 30. Ra1 (30. Bd5 b5 $16)) 27... Rxe6 28. Rxb7 Bxc3 29. Rxc7 Bxa5 {[%mdl 4096] Endgame KRB-KRB} 30. Bd4+ Kg8 31. Rg7+ Kf8 32. Rxh7 Re1+ 33. Kh2 Rd1 34. Bf6 d5 {[#]} ({Black should play} 34... Be1) 35. Kg3 $1 d4 (35... Rd2 $16 {was called for.} 36. Rb7 d4) 36. Kf4 {Strongly threatening Kg5.} Bd2+ 37. Ke4 Bc3 38. Rd7 Re1+ 39. Kf3 Rd1 40. Ke4 Re1+ $1 41. Kf3 Rd1 42. h4 Rd3+ $2 (42... Ke8 43. Rg7 Bb4) 43. Kg4 $18 {Kg5 is the strong threat.} Rd2 44. Kg3 (44. Kg5 $142 Rxf2 45. Kxg6 Rxg2+ 46. Bg5) 44... Ke8 45. Rd6 Rd3+ (45... Kf7 $16 46. Bh8 Rd3+ 47. f3 Be1+ 48. Kg4 Rd2) 46. f3 Kf7 47. Kg4 Rd2 48. g3 Rd3 49. Be5 Ke7 $2 (49... Re3) 50. Rxg6 {White is clearly winning.} Re3 51. Bf4 Re6 52. Rg7+ Ke8 53. Rg5 Re7 54. Rc5 Rd7 55. Kf5 Bb4 56. Rc4 Be1 57. Rc1 Bb4 58. Rd1 d3 59. Bd2 Bc5 60. g4 Kf7 61. f4 Bf2 62. h5 Rc7 63. Ke4 Rd7 64. Bc3 Re7+ 65. Be5 {Accuracy: White = 76%, Black = 39%.} 1-0

[Event "3rd Sharjah Masters 2019"]
[Site "Sharjah"]
[Date "2019.03.26"]
[Round "5.34"]
[White "Iniyan, P."]
[Black "Ajay Karthikeyan"]
[Result "1/2-1/2"]
[WhiteElo "2487"]
[BlackElo "2298"]
[Annotator "TA"]
[PlyCount "72"]
[EventDate "2019.03.22"]
[EventType "swiss"]
[EventCountry "UAE"]
[SourceTitle "playchess.com"]
[Source "ChessBase"]
[SourceQuality "1"]

{[%evp 17,72,-1,0,-35,-10,-11,-12,-22,-7,-25,-2,-94,-74,-87,-77,-107,-25,-82,-77,-147,-137,-130,-128,-141,-140,-130,-123,-140,-134,-132,-132,-141,-134,-154,-144,-156,-163,-147,-131,-143,-136,-179,-155,-155,-144,-164,-89,-88,-51,-60,-50,-50,-43,-58,-16,-16,-15]} 1. Nf3 Nf6 2. g3 g6 3. Bg2 c5 4. O-O Bg7 5. d3 Nc6 6. e4 d6 7. Nbd2 O-O 8. a4 h6 {A05: Réti Opening: 1 Nf3 Nf6} (8... e6 9. c3 b6 10. Re1 Ba6 11. Nf1 Ne5 12. c4 Bb7 13. Rb1 Nfd7 14. Ne3 Qc7 15. Nc2 Nxf3+ 16. Bxf3 Ne5 17. Bg2 Nc6 18. Bd2 Qd7 19. b3 Rad8 20. Bg5 Rde8 21. Be3 {½-½ (21) Orlov,A (2497)-Andersen,M (2594) Germany 2019}) 9. Re1 e5 {LiveBook: 4 Games} 10. h3 b6 $146 {Black is slightly better.} ({Predecessor:} 10... Be6 11. Kh2 Qc7 12. c3 Rad8 13. Qc2 Rfe8 14. Nf1 d5 15. N3d2 d4 16. Nc4 {0-1 (42) Thieme Garmann,A (2069)-Puth,D (2224) Trier 2016}) 11. Nc4 Be6 12. Bd2 Kh7 13. Kh2 Qd7 14. Nh4 (14. c3 $11) 14... d5 15. exd5 Nxd5 16. c3 Rfe8 (16... Rad8 $17 {Hoping for ...Nde7.} 17. Nf3 f6) 17. Qc2 (17. b4 $1 $11 {keeps the balance.}) 17... f5 18. f4 ({White should try} 18. Rad1) 18... exf4 $17 19. gxf4 Bf7 20. Bf3 Rad8 21. Rxe8 Rxe8 22. Rf1 Rd8 23. Bc1 Qc7 24. Ng2 a6 {[%cal Ba7a6,Ba6b5][%mdl 32]} 25. Re1 b5 26. axb5 axb5 27. Na3 b4 28. Nb5 Qd7 29. Qf2 bxc3 30. bxc3 Nxc3 31. Qxc5 {[#]} Nd4 (31... Nd5 $1 $19 32. Ba3 {[#]} Ncb4 $1 {[%mdl 512]} 33. Bxb4 Bf8) 32. Nxd4 Qxd4 33. Qxd4 Rxd4 34. Re7 Kg8 35. Ne1 $1 Nd5 36. Rd7 {Bb2 is the strong threat.} Nb4 {Accuracy: White = 35%, Black = 54%.} 1/2-1/2

[Event "3rd Sharjah Masters 2019"]
[Site "Sharjah"]
[Date "2019.03.26"]
[Round "5.35"]
[White "Jeet, Jain"]
[Black "Darini, Pouria"]
[Result "1/2-1/2"]
[WhiteElo "2219"]
[BlackElo "2474"]
[Annotator "TA"]
[PlyCount "69"]
[EventDate "2019.03.22"]
[EventType "swiss"]
[EventCountry "UAE"]
[SourceTitle "playchess.com"]
[Source "ChessBase"]
[SourceQuality "1"]

{[%evp 15,69,0,9,18,9,0,8,-45,-60,-52,0,-27,-20,-39,-19,0,6,-4,0,0,0,0,0,0,32,27,39,0,4,-26,0,0,0,0,0,0,29,24,31,0,0,0,0,0,0,-36,-14,-14,-9,-18,-14,-88,0,0,0,0]} 1. e4 c5 2. Nf3 d6 3. Bb5+ Nd7 4. c3 Ngf6 5. Qe2 a6 6. Ba4 e6 7. O-O b5 8. Bc2 Bb7 9. d4 {B51: Sicilian: Moscow Variation (3 Bb5+) without 3...Bd7} Be7 (9... Qc7 10. a4 Be7 11. e5 dxe5 12. dxe5 Nd5 13. axb5 axb5 14. Rxa8+ Bxa8 15. Qxb5 c4 16. Nbd2 N5b6 {0-1 (41) Liang,A (2589)-Inarkiev,E (2693) Sitges 2018}) 10. Nbd2 Qc7 11. a4 (11. Bd3 $11) 11... cxd4 $15 12. Nxd4 bxa4 $146 ({Black should try} 12... b4 $1 $15) ({Predecessor:} 12... b4 13. c4 O-O 14. b3 g6 15. Bb2 e5 16. N4f3 Nc5 {0-1 (40) Cusu,L (1135)-Cvak,R (1917) LSS email 2011}) 13. Bxa4 O-O 14. Re1 Nc5 15. Bc2 Rfe8 16. N4b3 a5 17. Nxc5 Qxc5 18. Nb3 Qc7 19. Nd4 d5 20. e5 Ne4 21. f3 Nc5 22. f4 Ne4 23. Be3 Ba6 24. Qg4 Bc5 25. f5 Qxe5 (25... exf5 {with more complications.} 26. Nxf5 g6 27. Bxe4 dxe4 28. Nh6+ Kg7) 26. fxe6 fxe6 27. Bxe4 (27. Rxa5 $5 {[%cal Rc2e4]} Bb6 28. Ra4 $11) 27... dxe4 28. Rxa5 {[#] Black must now prevent b4.} Bc4 29. Rxa8 Rxa8 30. Nc2 Bd6 31. g3 Qf5 32. Qxf5 exf5 33. Ra1 (33. Rd1 $11 {remains equal.} Be5 34. Bd4) 33... Rb8 ({Black should play} 33... Rxa1+ $17 34. Nxa1 h6) 34. b4 $11 Rc8 35. Bd4 {Accuracy: White = 30%, Black = 51%.} 1/2-1/2

[Event "3rd Sharjah Masters 2019"]
[Site "Sharjah"]
[Date "2019.03.26"]
[Round "5.36"]
[White "Mendonca, Leon Luke"]
[Black "Jinan, Jomon"]
[Result "1-0"]
[WhiteElo "2446"]
[BlackElo "1848"]
[Annotator "NA RC"]
[PlyCount "75"]
[EventDate "2019.03.22"]
[EventType "swiss"]
[EventCountry "UAE"]
[SourceTitle "playchess.com"]
[Source "ChessBase"]
[SourceQuality "1"]
[TimeControl "5400+30"]

1. d4 {[%emt 0:00:00]} d5 {[%emt 0:00:00]} 2. c4 {[%emt 0:00:00]} e6 {[%emt 0:00:00]} 3. Nc3 {[%emt 0:00:00]} Nf6 {[%emt 0:00:00]} 4. cxd5 {[%emt 0:00:00]} exd5 {[%emt 0:00:04]} 5. Bg5 {[%emt 0:00:00]} c6 {[%emt 0:00:06]} 6. e3 {[%emt 0:00:00]} Bf5 {[%emt 0:00:05]} 7. Qf3 {[%emt 0:00:02]} Bg6 {[%emt 0:00:06]} 8. Bxf6 {[%emt 0:00:06]} Qxf6 {[%emt 0:00:05]} 9. Qxf6 {[%emt 0:00:06]} gxf6 {[%emt 0:00:05]} 10. Nf3 {[%emt 0:00:05]} Nd7 {[%emt 0:01:57]} 11. Nh4 {[%emt 0:00:13]} Be7 {[%emt 0:06:47]} 12. Ne2 {[%emt 0:00:06]} Nb6 {[%emt 0:06:10]} 13. Ng3 {[%emt 0:00:10]} Bb4+ {[%emt 0:17:06]} 14. Kd1 {[%emt 0:00:05]} Na4 {[%emt 0:07:36]} 15. Ngf5 {[%emt 0:00:09]} Nxb2+ {[%emt 0:06:39]} 16. Kc2 {[%emt 0:00:41]} Nc4 {[%emt 0:01:59]} 17. Bxc4 {[%emt 0:01:09]} dxc4 {[%emt 0:00:02]} 18. Rhb1 {[%emt 0:00:25]} Ba3 {[%emt 0:15:48]} 19. Rxb7 {[%emt 0:00:43]} O-O {[%emt 0:00:43]} 20. Rab1 {[%emt 0:02:01]} a5 {[%emt 0:07:36]} 21. Rc7 {[%emt 0:02:24]} Rfc8 {[%emt 0:09:36]} 22. Rxc8+ {[%emt 0:00:36]} Rxc8 {[%emt 0:00:00]} 23. Rb7 {[%emt 0:00:09]} Bf8 {[%emt 0:06:01]} 24. Kc3 {[%emt 0:00:23]} a4 {[%emt 0:01:10]} 25. Kxc4 {[%emt 0:00:06]} a3 {[%emt 0:00:09]} 26. g4 {[%emt 0:00:57]} Ra8 {[%emt 0:00:14]} 27. f3 {[%emt 0:00:23]} Ra4+ {[%emt 0:02:16]} 28. Kb3 {[%emt 0:00:08]} Ra8 {[%emt 0:00:22]} 29. e4 {[%emt 0:00:10]} Rc8 {[%emt 0:01:53]} 30. Kc3 {[%emt 0:02:18]} Ra8 {[%emt 0:01:38]} 31. h3 {[%emt 0:00:32]} Rc8 {[%emt 0:00:53]} 32. Kd2 {[%emt 0:00:15]} Ra8 {[%emt 0:00:31]} 33. Rb6 {[%emt 0:00:32]} Rc8 {[%emt 0:00:52]} 34. d5 {[%emt 0:00:45]} cxd5 {[%emt 0:00:17]} 35. exd5 {[%emt 0:00:01]} Bc5 {[%emt 0:01:22]} 36. Rc6 {[%emt 0:01:46]} Bb4+ {[%emt 0:00:21]} 37. Kc2 {[%emt 0:00:16]} Rd8 {[%emt 0:00:34]} 38. Kb3 {[%emt 0:00:23]} 1-0

[Event "3rd Sharjah Masters 2019"]
[Site "Sharjah"]
[Date "2019.03.26"]
[Round "5.37"]
[White "Sri, Sai Baswanth P"]
[Black "Asgarizadeh, Ahmad"]
[Result "0-1"]
[WhiteElo "2018"]
[BlackElo "2434"]
[Annotator "TA"]
[PlyCount "92"]
[EventDate "2019.03.22"]
[EventType "swiss"]
[EventCountry "UAE"]
[SourceTitle "playchess.com"]
[Source "ChessBase"]
[SourceQuality "1"]

{[%evp 14,92,30,24,26,2,12,0,8,13,14,11,40,23,35,22,33,-2,0,-41,-13,-16,0,-10,0,-25,-19,-69,-61,-91,-78,-78,0,0,0,0,0,0,0,23,23,0,0,0,0,0,0,0,0,0,-14,-119,-82,-67,0,-99,-68,-175,-172,-242,-208,-343,-333,-395,-324,-514,-513,-852,-862,-917,-906,-991,-920,-2376,-1163,-1163,-1150,-1090,-1075,-5302,-3503]} 1. d4 Nf6 2. Bf4 g6 3. Nc3 Bg7 4. e4 d6 5. Qd2 Nc6 6. O-O-O O-O 7. Nf3 Bg4 {B08: Pirc Defence: Classical System} 8. Qe3 {LiveBook: 6 Games} Nh5 (8... Nd7 9. Bg5 Qe8 10. Bh6 Bxf3 11. gxf3 e5 12. Bxg7 Kxg7 13. dxe5 Qxe5 14. Nd5 Nf6 15. Nxc7 {1-0 (48) Mamedov,R (2655)-Grischuk,A (2747) Almaty 2016}) 9. Bg5 Bxf3 {The position is equal.} 10. gxf3 f6 $146 {[%cal Rf6g5]} ({Predecessor:} 10... Qd7 11. h4 f6 12. Bh3 e6 13. d5 Nd8 14. Bh6 Bxh6 15. Qxh6 {½-½ (30) Vymazal,B (2358)-Sokolov,A (2389) Prague 2018}) 11. Bh6 e5 $1 {[%cal Re5d4]} 12. Ne2 Qd7 13. d5 Bxh6 14. Qxh6 Ne7 15. Rg1 {[#] And now Qxh5 would win.} Kh8 16. h4 Qa4 17. Kb1 f5 18. Qg5 Rf7 19. Ng3 Nf4 20. h5 gxh5 {Strongly threatening ...fxe4.} 21. Bd3 Rg8 22. Qh4 {[%cal Re4f5]} Neg6 ({Black should play} 22... Qd7 $17 23. Nxh5 fxe4 24. Rxg8+ Nxg8 25. Bxe4 Qh3) 23. Qh1 $11 Nxd3 24. cxd3 fxe4 25. dxe4 h4 26. Nf5 Rgf8 27. Rg4 Qd7 $36 {[%mdl 2048] Black has the initiative.} 28. Rg5 Rxf5 29. exf5 Rxf5 30. Qh3 $1 Rf7 $1 31. Qxd7 Rxd7 {[%mdl 4096] Endgame KRR-KRN} 32. Rf5 (32. Rdg1 $11) 32... Kg7 33. Rg1 c5 (33... Rf7 $15 34. Rh5 Kf8) 34. Kc2 (34. dxc6 $11 {keeps the balance.} bxc6 35. f4) 34... Rf7 $17 35. Rxf7+ ({Better is} 35. Rh5 $1 $15) 35... Kxf7 $15 {KR-KN} 36. Kd3 (36. Rh1 $142) 36... Nf4+ 37. Ke4 (37. Kc4 $142) 37... Kf6 $19 38. a3 h3 39. b4 (39. a4 {might work better.}) 39... c4 {[%cal Bc5c4,Bc4c3,Bc3c2][%mdl 32] Black is clearly winning.} 40. b5 (40. Rh1 $142 a6 41. Rh2) 40... c3 41. Rh1 Kg5 42. Rg1+ Kh4 {...Ne2 is the strong threat.} 43. Rg4+ Kh5 44. Rg1 Ne2 45. Rh1 c2 46. Kf5 Kh4 {Accuracy: White = 33%, Black = 73%.} 0-1

[Event "3rd Sharjah Masters 2019"]
[Site "Sharjah"]
[Date "2019.03.26"]
[Round "5.38"]
[White "Arencibia Rodriguez, Walter"]
[Black "Kunal, M.."]
[Result "1/2-1/2"]
[WhiteElo "2506"]
[BlackElo "2258"]
[Annotator "TA"]
[PlyCount "118"]
[EventDate "2019.03.22"]
[EventType "swiss"]
[EventCountry "UAE"]
[SourceTitle "playchess.com"]
[Source "ChessBase"]
[SourceQuality "1"]

{[%evp 16,118,31,20,31,12,17,10,9,22,27,36,49,0,33,19,31,27,29,30,27,31,34,21,37,10,12,0,18,11,29,27,27,0,28,28,28,26,29,0,0,0,33,0,0,0,0,0,0,-6,0,0,0,0,0,0,0,0,0,0,0,0,0,0,0,0,0,0,0,0,8,8,8,9,9,0,9,0,0,0,0,0,0,0,24,31,31,8,8,8,8,8,8,8,8,8,8,8,8,0,8,8,8,8,8]} 1. d4 Nf6 2. c4 e6 3. Nc3 Bb4 4. e3 O-O 5. Bd3 d5 6. Nf3 c5 7. O-O dxc4 8. Bxc4 Nbd7 9. a3 Ba5 {E55: Nimzo-Indian: Rubinstein: Main Line: 7...dxc4 8 Bxc4 Nbd7} 10. Qe2 (10. Qc2 cxd4 11. Nxd4 Ne5 12. Be2 Bd7 13. b4 Bb6 14. Bb2 Rc8 15. Rad1 Nd5 16. Qb3 Rxc3 17. Bxc3 Ba4 18. Qxa4 Nxc3 {½-½ (28) Naroditsky,D (2633)-Vidit,S (2630) Tsaghkadzor 2015}) 10... cxd4 11. exd4 Bxc3 12. bxc3 Qc7 13. Bb2 b6 14. Ba2 $146 ({Predecessor:} 14. Bd3 Bb7 15. c4 Rfe8 16. Rfe1 Rac8 17. Rac1 {1-0 (34) Pira,D (2388)-Lazarev,V (2479) France 2009}) 14... Bb7 15. c4 Rfe8 16. Rfe1 Nf8 17. Ne5 Ng6 18. Nxg6 hxg6 19. Rac1 Rac8 20. h3 Qc6 {[%csl Gb7][%cal Rc6g2] [#]} 21. Qf1 Qa4 22. Qd3 Ba6 (22... Qc6 {keeps more tension.} 23. Qg3 Nh5 24. Qg4 Qd6 25. Re5 Re7) 23. Bb3 Qd7 24. Re5 Qd6 25. Qf3 Nd7 26. Ree1 Nf6 27. d5 (27. Qe3 {seems wilder.} Nh5 28. Rc2 Red8 29. Rd1 Bb7 30. d5) 27... exd5 28. cxd5 Rxe1+ 29. Rxe1 {[#] Strongly threatening Be5.} Bc4 30. Bxf6 (30. Rc1 {looks sharper.} b5 31. a4 a6 32. axb5 axb5 33. Rd1) 30... gxf6 31. Bxc4 Rxc4 $11 {[%mdl 4096] Endgame KQR-KQR} 32. Rd1 b5 33. g3 Ra4 34. Rd3 b4 35. axb4 Rxb4 36. h4 Rb1+ 37. Kg2 Re1 38. h5 Re5 39. hxg6 fxg6 40. Qg4 Kg7 41. Qd4 Re7 42. Rc3 Rd7 43. Rc5 Qa6 44. Qc3 Qe2 45. Qd4 Qa6 46. Qf4 Qd3 47. Qf3 (47. Qb4 {is more complex.} a6 48. Qg4 Rxd5 49. Rc7+ Kh6 50. Qf4+) 47... Qd4 48. Ra5 f5 49. Qe2 Qe4+ 50. Qxe4 fxe4 {KR-KR} 51. f4 g5 {The position is equal.} 52. fxg5 Kg6 53. Kf2 {Hoping for g4.} Kxg5 54. Ke3 Kf5 55. Kd4 (55. d6+ $5 Kf6 56. Kxe4 Rxd6 57. Rxa7 $14) 55... e3 56. Kxe3 {Black must now prevent Kd4.} Ke5 57. Kf3 Rxd5 58. Rxa7 Kf6 59. Ke4 Rb5 {Accuracy: White = 50%, Black = 68%.} 1/2-1/2

[Event "3rd Sharjah Masters 2019"]
[Site "Sharjah"]
[Date "2019.03.26"]
[Round "5.39"]
[White "Abdurakhmonov, Mukhammadali"]
[Black "El Adnani, Mokliss"]
[Result "1-0"]
[WhiteElo "2205"]
[BlackElo "2455"]
[Annotator "TA"]
[PlyCount "115"]
[EventDate "2019.03.22"]
[EventType "swiss"]
[EventCountry "UAE"]
[SourceTitle "playchess.com"]
[Source "ChessBase"]
[SourceQuality "1"]

{[%evp 24,115,19,20,23,23,16,0,9,0,0,0,0,-8,0,0,0,0,0,0,0,0,20,0,62,64,83,7,47,13,10,0,0,0,0,0,0,0,0,0,0,0,0,0,0,0,0,0,0,0,0,0,0,0,0,0,0,0,0,0,0,0,0,0,0,0,0,0,0,0,0,0,348,103,103,0,1088,975,1377,1393,1460,1348,1063,939,1971,1971,1835,1638,1716,1538,1766,1708,29990,29991]} 1. c4 Nf6 2. Nc3 g6 3. g3 Bg7 4. Bg2 O-O 5. d4 d6 6. Nf3 c5 7. O-O Nc6 8. dxc5 dxc5 9. Be3 Qa5 10. Nd5 e6 11. Bd2 Qd8 12. Nxf6+ Bxf6 13. Bh6 Re8 {E65: King's Indian: Fianchetto: 6...c5 7 0-0 without d5 by White} 14. Rb1 Qe7 $146 ({Predecessor:} 14... e5 15. Nd2 Nd4 16. Ne4 Be6 17. b4 b6 18. bxc5 Be7 19. cxb6 axb6 20. Qd2 Rb8 21. Rfd1 {1-0 (38) Comp Novag Super Exp I-Garcia Manteca,E Valladolid 1989}) 15. e3 Rd8 {The position is equal.} 16. Qe2 b6 17. Rfd1 Bb7 18. b3 Nb4 19. a3 Nc6 20. Nd2 Bg7 21. Bxg7 Kxg7 22. Ne4 f5 23. Nc3 Ne5 (23... Kg8 $11) 24. e4 $14 Qf6 25. f4 (25. exf5 $1 $16 Bxg2 26. Kxg2 Qxf5 27. Nb5) 25... Nf7 (25... Nc6 $5 {[%cal Rf6c3]}) 26. e5 Qe7 27. Rxd8 Rxd8 28. Rd1 Bxg2 29. Kxg2 g5 30. Rxd8 Qxd8 31. Qd1 Qxd1 32. Nxd1 $11 {[%mdl 4096] Endgame KN-KN} Nd8 33. Nc3 Nc6 34. Nb5 g4 35. Kf2 Kf7 36. Ke3 Ke7 37. Kd3 h5 38. Ke3 Kd7 39. Kd3 a6 40. Nd6 Nd4 41. b4 Nf3 42. bxc5 $1 bxc5 43. Nb7 Nxh2 {White must now prevent ...Nf1.} 44. Nxc5+ {[%mdl 64] Double Attack} Ke7 {Threatens to win with ...Nf1.} 45. Ke2 ({Of course not} 45. Nxa6 Nf1 $17) 45... Nf3 46. Nxa6 {Nc5 is the strong threat.} Nd4+ $1 47. Kf2 Nc2 $2 {[%mdl 8192]} (47... Kd7 $11) 48. a4 $18 {[%cal Ba3a4,Ba4a5][%mdl 32] And now a5 would win.} Na3 {[#]} 49. c5 (49. Nc5 $1 $16) 49... Nb1 $2 {[%mdl 8192] [#]} (49... Kd7 $11) 50. c6 $1 Nc3 51. Nc5 Nd5 52. a5 Nc7 53. Nd7 Nb5 54. Nf6 Kd8 55. Nxh5 Kc7 56. Ng7 Nd4 57. Ke3 Kxc6 58. Kxd4 {Accuracy: White = 74%, Black = 59%.} 1-0

[Event "3rd Sharjah Masters 2019"]
[Site "Sharjah"]
[Date "2019.03.26"]
[Round "5.40"]
[White "Bouzidi, Ahmed"]
[Black "Tissir, Mohamed"]
[Result "0-1"]
[WhiteElo "2199"]
[BlackElo "2386"]
[Annotator "NA"]
[PlyCount "112"]
[EventDate "2019.03.22"]
[EventType "swiss"]
[EventCountry "UAE"]
[SourceTitle "playchess.com"]
[Source "ChessBase"]
[SourceQuality "1"]
[TimeControl "5400+30"]

1. e4 {[%emt 0:00:00]} e5 {[%emt 0:00:00]} 2. Nf3 {[%emt 0:00:01]} Nc6 {[%emt 0:00:03]} 3. Bb5 {[%emt 0:01:16]} Nge7 {[%emt 0:00:26]} 4. O-O {[%emt 0:04:17]} g6 {[%emt 0:00:00]} 5. d4 {[%emt 0:04:36]} exd4 {[%emt 0:01:11]} 6. Nxd4 {[%emt 0:07:22]} Bg7 {[%emt 0:00:20]} 7. Be3 {[%emt 0:03:29]} O-O {[%emt 0:05:01]} 8. Nc3 {[%emt 0:01:10]} a6 {[%emt 0:01:05]} 9. Be2 {[%emt 0:01:28]} d6 {[%emt 0:03:43]} 10. Qd2 {[%emt 0:01:25]} f5 {[%emt 0:05:46]} 11. Bc4+ {[%emt 0:07:56]} Kh8 {[%emt 0:00:17]} 12. Ne6 {[%emt 0:00:14]} Bxe6 {[%emt 0:00:08]} 13. Bxe6 {[%emt 0:00:05]} fxe4 {[%emt 0:03:13]} 14. Nxe4 {[%emt 0:00:23]} Nf5 {[%emt 0:00:05]} 15. Bg5 {[%emt 0:02:31]} Qe8 {[%emt 0:00:18]} 16. Bxf5 {[%emt 0:05:51]} gxf5 {[%emt 0:00:10]} 17. Nc3 {[%emt 0:03:13]} Qg6 {[%emt 0:00:46]} 18. f4 {[%emt 0:04:43]} Rae8 {[%emt 0:08:18]} 19. Rae1 {[%emt 0:05:10]} Nd4 {[%emt 0:02:42]} 20. Kh1 {[%emt 0:06:22]} Qf7 {[%emt 0:05:48]} 21. Bh4 {[%emt 0:02:26]} Qc4 {[%emt 0:03:19]} 22. Bf2 {[%emt 0:02:55]} b5 {[%emt 0:07:43]} 23. a3 {[%emt 0:03:01]} c6 {[%emt 0:10:30]} 24. h3 {[%emt 0:12:36]} d5 {[%emt 0:04:00]} 25. Bg1 {[%emt 0:03:39]} Ne6 {[%emt 0:11:43]} 26. Re2 {[%emt 0:03:57]} d4 {[%emt 0:01:10]} 27. Nd1 {[%emt 0:00:37]} Nc5 {[%emt 0:00:39]} 28. Rxe8 {[%emt 0:07:06]} Rxe8 {[%emt 0:00:02]} 29. Rf3 {[%emt 0:00:36]} Qe2 {[%emt 0:16:08]} 30. Rf2 {[%emt 0:02:24]} Qxd2 {[%emt 0:00:20]} 31. Rxd2 {[%emt 0:00:06]} Re1 {[%emt 0:00:04]} 32. b4 {[%emt 0:02:22]} Ne4 {[%emt 0:01:10]} 33. Rd3 {[%emt 0:00:06]} c5 {[%emt 0:00:01]} 34. bxc5 {[%emt 0:00:15]} Nxc5 {[%emt 0:00:11]} 35. Rd2 {[%emt 0:00:09]} Kg8 {[%emt 0:06:25]} 36. Kh2 {[%emt 0:00:52]} Ne6 {[%emt 0:01:06]} 37. g3 {[%emt 0:00:18]} h5 {[%emt 0:00:41]} 38. Bf2 {[%emt 0:00:40]} Re4 {[%emt 0:00:07]} 39. h4 {[%emt 0:01:51]} Bf8 {[%emt 0:00:28]} 40. Rd3 {[%emt 0:00:08]} Re2 {[%emt 0:00:17]} 41. c3 {[%emt 0:00:08]} dxc3 {[%emt 0:01:57]} 42. Rxc3 {[%emt 0:00:07]} Rd2 {[%emt 0:00:01]} 43. Rc1 {[%emt 0:01:18]} Bxa3 {[%emt 0:00:14]} 44. Ra1 {[%emt 0:00:41]} Bc5 {[%emt 0:00:18]} 45. Kg1 {[%emt 0:00:11]} a5 {[%emt 0:00:24]} 46. Bxc5 {[%emt 0:00:35]} Nxc5 {[%emt 0:00:01]} 47. Ne3 {[%emt 0:00:28]} a4 {[%emt 0:00:01]} 48. Rc1 {[%emt 0:00:16]} Nb3 {[%emt 0:00:39]} 49. Rc8+ {[%emt 0:00:44]} Kf7 {[%emt 0:00:01]} 50. Ra8 {[%emt 0:00:10]} Nd4 {[%emt 0:00:49]} 51. Ra6 {[%emt 0:00:59]} Ke8 {[%emt 0:00:34]} 52. Kf1 {[%emt 0:00:17]} Kd7 {[%emt 0:00:01]} 53. Nd5 {[%emt 0:00:21]} Nc2 {[%emt 0:00:24]} 54. Nc3 {[%emt 0:00:24]} a3 {[%emt 0:00:12]} 55. Rb6 {[%emt 0:01:40]} b4 {[%emt 0:00:31]} 56. Na4 {[%emt 0:00:43]} a2 {[%emt 0:01:14]} 0-1